[Event "9th Asian Continental"]
[Site "Olongapo City PHI"]
[Date "2010.04.23"]
[Round "3"]
[White "Torre,E"]
[Black "Darini,P"]
[Result "0-1"]
[WhiteElo "2506"]
[BlackElo "2398"]

1.d4 Nf6 2.Bg5 Ne4 3.Bf4 d5 4.e3 c5 5.Bd3 Nf6 6.Nf3 Qb6 7.b3 Nc6 8.h3 g6
9.O-O Bd7 10.c3 Bg7 11.Nbd2 O-O 12.Qb1 Rac8 13.a3 a5 14.Rc1 Rfd8 15.Ra2 cxd4
16.exd4 Nh5 17.Bh2 Bh6 18.Re1 Bf4 19.b4 axb4 20.axb4 Bxh2+ 21.Kxh2 Nf4 22.Bf1 Na7
23.g3 Ne6 24.Re3 Nb5 25.Qb3 Qc7 26.Nb1 Be8 27.h4 Ng7 28.Bh3 e6 29.Ne5 Nd6  0-1

[Event "2nd Milko Bobotsov Mem"]
[Site "Sofia BUL"]
[Date "2010.05.02"]
[Round "3"]
[White "Kirchev,K"]
[Black "Rusev,J"]
[Result "0-1"]
[WhiteElo "2104"]
[BlackElo "2258"]

1.d4 Nf6 2.Bg5 Ne4 3.Bf4 c5 4.f3 Qa5+ 5.c3 Nf6 6.Nd2 cxd4 7.Nb3 Qf5 8.Qxd4 Nc6
9.Qd2 e5 10.Bg5 e4 11.Qf4 Qxf4 12.Bxf4 Nd5 13.e3 Nxf4 14.exf4 d5 15.O-O-O Be6
16.g4 g6 17.Bg2 f5 18.Ne2 Bh6 19.Nc5 exf3 20.Bxf3 fxg4 21.Bg2 Bc8 22.Bxd5 Ne7
23.Bxb7 Bxb7 24.Nxb7 O-O 25.Rhf1 Nc6 26.Kc2 Rae8 27.Rd2 Ne5 28.Nd6 Re6 29.Rd5 Nf3
30.Nd4 Nxd4+ 31.Rxd4 Re2+ 32.Kb3 Rb8+ 33.Rb4 Rxb4+ 34.cxb4 Rxh2 35.Nb5 g3
36.Nxa7 g2 37.Rg1 Bxf4 38.a4 Be3 39.Rxg2 Rxg2 40.Nc6 h5 41.b5 h4 42.a5 Rg5
43.Kc4 h3 44.Ne7+ Kf7  0-1

[Event "ch-CAN Junior"]
[Site "Toronto CAN"]
[Date "2010.05.02"]
[Round "5"]
[White "Cheng,Bi"]
[Black "Kleinman, Michael"]
[Result "1-0"]
[WhiteElo "2369"]
[BlackElo "2075"]

1.d4 Nf6 2.Bg5 Ne4 3.Bf4 c5 4.f3 Qa5+ 5.c3 Nf6 6.Nd2 cxd4 7.Nb3 Qf5 8.Bxb8 Rxb8
9.Qxd4 e5 10.Qxa7 Bd6 11.Rd1 Bc7 12.Qc5 Bd8 13.e4 Nxe4 14.fxe4 Qxe4+ 15.Be2 Qxg2
16.Qxe5+ Be7 17.Bf3 Qxb2 18.Ne2 Ra8 19.Qxg7 Rf8 20.Rd2 Bh4+ 21.Ng3 Qb1+ 22.Kf2 Qg6
23.Re1+ Be7 24.Rxe7+ Kxe7 25.Re2+ Qe6 26.Nf5+  1-0

[Event "4NCL 2009-10"]
[Site "Sunningdale ENG"]
[Date "2010.05.03"]
[Round "11"]
[White "Shepley,J"]
[Black "Burrows,M"]
[Result "1-0"]
[WhiteElo "2022"]
[BlackElo "2172"]

1.d4 Nf6 2.Bg5 Ne4 3.Bf4 d5 4.f3 Nf6 5.e4 e6 6.e5 Nfd7 7.Be3 c5 8.f4 cxd4
9.Bxd4 Nc6 10.Nf3 Nxd4 11.Qxd4 Bc5 12.Qd2 f6 13.Nc3 fxe5 14.fxe5 O-O 15.Bd3 Qc7
16.Qe2 g6 17.h4 Bd4 18.O-O-O Bxc3 19.bxc3 Qxc3 20.h5 Qa3+ 21.Kd2 Qb4+ 22.c3 Qf4+
23.Kc2 g5 24.Rdf1 Qa4+ 25.Kb2 Nc5 26.Nxg5 Bd7 27.Bxh7+ Kh8 28.Bc2 Qb5+ 29.Qxb5 Bxb5
30.Rf7 Rxf7 31.Nxf7+ Kg8 32.Nd6 Bd3 33.Rh3 Bxc2 34.Kxc2 Rf8 35.Rg3+ Kh7 36.Rg6 Rg8
37.Rxg8 Kxg8 38.g4 Nd7 39.Nxb7 Nxe5 40.Nd8 Nxg4 41.Nxe6 Kh7 42.Kd3 Kh6 43.Nf4 Kg5
44.Nxd5 Kxh5 45.Kd4 Kg6 46.Ne7+ Kf6 47.Nc6 a6 48.Nb8 a5 49.a4 Ke6 50.Nc6 Kd6
51.Nxa5 Nf6 52.c4 Nd7 53.Nb3 Kc6 54.c5 Nb8 55.Kc4 Nd7 56.Nd4+ Kc7 57.Kb5 Ne5
58.a5 Kb7 59.a6+ Ka8 60.c6 Nf7 61.c7 Nd6+ 62.Kc5 Nc8 63.Nc6 Nb6 64.Nd4 Nc8
65.Kc6 Nb6 66.Kd6 Nc4+ 67.Kd7  1-0

[Event "ch-UKR"]
[Site "Alushta UKR"]
[Date "2010.05.08"]
[Round "6"]
[White "Dhillon,J"]
[Black "Linker,M"]
[Result "1/2-1/2"]
[WhiteElo "1948"]
[BlackElo "2053"]

1.d4 Nf6 2.Bg5 Ne4 3.Bf4 c5 4.f3 Qa5+ 5.c3 Nf6 6.Nd2 cxd4 7.Nb3 Qb6 8.Qxd4 Qxd4
9.cxd4 d5 10.Rc1 Nc6 11.g4 h6 12.h4 e6 13.e3 Bb4+ 14.Kf2 Ke7 15.Bb5 Bd7 16.Ne2 a6
17.Bd3 Bd6 18.g5  1/2-1/2

[Event "FSIMA May"]
[Site "Budapest HUN"]
[Date "2010.05.08"]
[Round "8"]
[White "Tran,T"]
[Black "Izso,D"]
[Result "1/2-1/2"]
[WhiteElo "2210"]
[BlackElo "2262"]

1.d4 Nf6 2.Bg5 Ne4 3.Bf4 c5 4.f3 Qa5+ 5.c3 Nf6 6.Nd2 cxd4 7.Nb3 Qb6 8.Qxd4 Nc6
9.Qd2 d5 10.g4 h6 11.Bg2 e5  1/2-1/2

[Event "ch-CZE"]
[Site "Ostrava CZE"]
[Date "2010.05.08"]
[Round "8"]
[White "Kovar,V"]
[Black "Hausner,I"]
[Result "1/2-1/2"]
[WhiteElo "2337"]
[BlackElo "2451"]

1.d4 Nf6 2.Bg5 Ne4 3.Bf4 d6 4.Nd2 Nxd2 5.Qxd2 Nd7 6.e4 e5 7.Be3 Be7 8.Ne2 c6
9.Ng3 Nf6 10.dxe5 dxe5 11.Qxd8+ Bxd8 12.Bc4 Bb6 13.Ke2 Bxe3 14.Kxe3 Ke7 15.f3 Be6  1/2-1/2

[Event "ch-UKR"]
[Site "Alushta UKR"]
[Date "2010.05.10"]
[Round "8"]
[White "Dhillon,J"]
[Black "Klementev,O"]
[Result "0-1"]
[WhiteElo "1948"]
[BlackElo "2136"]

1.d4 Nf6 2.Bg5 Ne4 3.Bf4 c5 4.f3 Nf6 5.e4 cxd4 6.Qxd4 Nc6 7.Qd2 e5 8.Bg3 Bc5
9.Nc3 a6 10.Nd5 h6 11.Bc4 d6 12.c3 Nxd5 13.Bxd5 Ne7 14.Bb3 b5 15.Nh3 Qb6
16.Bf2 a5 17.O-O Bb7 18.Rad1 a4 19.Bc2 Rd8 20.Qe2 g5 21.b4 axb3 22.Bxb3 Ng6
23.g3 Bc8 24.Bxc5 Qxc5+ 25.Nf2 O-O 26.Rd5 Qxc3 27.Nd1 Qc6 28.Ne3 Ne7 29.Rd2 Be6
30.Nd5 Nxd5 31.Bxd5 Qc5+ 32.Kg2 Rc8 33.Rfd1 Rfd8 34.g4 Kg7 35.Kg3 b4 36.Rd3 Bd7
37.Qb2 Bb5 38.Rb3 Ba4 39.Rdd3 Bxb3 40.Rxb3 Qg1+ 41.Kh3 Qf1+ 42.Kg3 Qg1+ 43.Kh3 h5  0-1

[Event "40th Bosna Open"]
[Site "Sarajevo BIH"]
[Date "2010.05.11"]
[Round "7"]
[White "Lejlic,S"]
[Black "Kurajica,B"]
[Result "1-0"]
[WhiteElo "2362"]
[BlackElo "2548"]

1.d4 Nf6 2.Bg5 Ne4 3.Bf4 d5 4.Nd2 Nd6 5.Ngf3 g6 6.h4 f6 7.e3 c6 8.Bd3 Na6
9.c3 Nc7 10.Qc2 Bf5 11.Bxf5 Nxf5 12.h5 Rg8 13.hxg6 hxg6 14.Qb3 g5 15.Bxc7 Qxc7
16.e4 g4 17.exd5 Rg7 18.Nh4 Rh7 19.g3 Nxg3 20.Qc2 f5 21.fxg3 Qxg3+ 22.Ke2 Rxh4
23.Rxh4 Qxh4 24.Qxf5 cxd5 25.Rf1 Bh6 26.Qf7+ Kd7 27.Qxd5+ Kc7 28.Qe5+ Kd7
29.Ne4 Rd8 30.Nc5+ Kc8 31.Ne6 Rd6 32.Qh8+ Kd7 33.Nc5+ Kc7 34.Qe5 g3 35.Ne4 g2
36.Rg1 Bg7 37.Qf5 Rb6 38.b3 Qh2 39.Kf2 Ra6 40.a4 Qh4+ 41.Kf3 Qh1 42.Qf4+ Rd6
43.Kf2 Qh6 44.Qg3 Bf6 45.Kxg2 Bh4 46.Qe5 Qg6+ 47.Kf1 Qf7+ 48.Ke2 Qxb3 49.Rg7 Qc2+
50.Kf3 Qd1+ 51.Kg2 Qe2+ 52.Kh3 Qf3+ 53.Kxh4 Qh1+ 54.Kg4 Qd1+ 55.Kg3  1-0

[Event "Municipality Cup"]
[Site "Tbilisi GEO"]
[Date "2010.05.18"]
[Round "4"]
[White "Zeynalov,F"]
[Black "Paichadze,L"]
[Result "1-0"]
[WhiteElo "2320"]
[BlackElo "2452"]

1.d4 Nf6 2.Bg5 Ne4 3.Bf4 c5 4.f3 Nf6 5.dxc5 b6 6.e4 bxc5 7.e5 Nh5 8.Qd5 Nxf4
9.Qxa8 Nc6 10.Nc3 g6 11.Bb5 Nd4 12.Qe4 Bh6 13.Nge2 Nxg2+ 14.Kf2 Ne3 15.Bd3 Ndf5
16.Ng3 c4 17.Nxf5 gxf5 18.Qh4 Qb6 19.Ne4 Ng4+ 20.Kg2 Qd4 21.Be2 Ne3+ 22.Kh3 f4
23.Qxh6 d6+  1-0

[Event "34th Open"]
[Site "Fourmies FRA"]
[Date "2010.05.22"]
[Round "1"]
[White "Amigues,E"]
[Black "Allabatre,S"]
[Result "1-0"]
[WhiteElo "2321"]
[BlackElo "1849"]

1.d4 Nf6 2.Bg5 Ne4 3.Bf4 g5 4.Bc1 d5 5.f3 Nd6 6.Bxg5 Rg8 7.Bf4 Nc6 8.Nc3 Nc4
9.Nb5 e5 10.dxe5 a6 11.Nd4 Nxb2 12.Nxc6 bxc6 13.Qd4 Qh4+ 14.g3 Rxg3 15.hxg3 Qxh1
16.Kf2 Nc4 17.g4 Qh4+ 18.Bg3 Qg5 19.e3 Nb6 20.Nh3 Qd8 21.Nf4 Be7 22.Qd3 h6
23.Qh7 Bg5 24.e6 Bxe6 25.Nxe6 fxe6 26.Bxc7 Qf6 27.Bxb6 Qxa1 28.Qg8+ Ke7 29.Qxa8 Bh4+
30.Kg2 Qe1 31.Bd8+  1-0

[Event "34th Open"]
[Site "Fourmies FRA"]
[Date "2010.05.23"]
[Round "3"]
[White "Israel,G"]
[Black "Van Rekom,R"]
[Result "1-0"]
[WhiteElo "2112"]
[BlackElo "1871"]

1.d4 Nf6 2.Bg5 Ne4 3.Bh4 d5 4.f3 Nd6 5.Nc3 c6 6.e4 dxe4 7.fxe4 g6 8.Nf3 Bg7
9.Qd2 O-O 10.Be2 c5 11.dxc5 Bxc3 12.Qxc3 Nxe4 13.Qe3 Nf6 14.O-O Nc6 15.h3 Kg7
16.Rad1 Qc7 17.Bg5 Ng8 18.Bc4 f6 19.Bxg8 Kxg8 20.Bh6 Rf7 21.Rd2 e5 22.Rd6 Bf5
23.c3 Ne7 24.g4 Bd7 25.Nxe5 fxe5 26.Rxf7 Kxf7 27.Qxe5 Rg8 28.Rf6+  1-0

[Event "14th Chicago Open"]
[Site "Wheeling USA"]
[Date "2010.05.28"]
[Round "2"]
[White "Mikhalevski,V"]
[Black "Rodriguez,Er"]
[Result "0-1"]
[WhiteElo "2614"]
[BlackElo "2315"]

1.d4 Nf6 2.Bg5 Ne4 3.Bf4 c5 4.f3 Nf6 5.dxc5 b6 6.e4 bxc5 7.Nc3 Nc6 8.e5 Qc7
9.exf6 Qxf4 10.fxe7 Bxe7 11.Nd5 Qe5+ 12.Kf2 O-O 13.c3 Bb7 14.f4 Qd6 15.Nf3 Rfe8
16.Bc4 Bf8 17.Qd3 Na5 18.Rad1 Nxc4 19.Qxc4 Ba6 20.Qa4 Re2+ 21.Kg1 Rae8 22.h4 Rxb2
23.c4 Ree2 24.Rh2 Rxa2 25.Qb3 Qg6 26.Ng5 Qc2 27.Qxc2 Raxc2 28.Nc7 Bxc4 29.Nf3 f6
30.g3 Bd3 31.Ra1 c4 32.Rxe2 Bc5+ 33.Kh1  0-1

[Event "45th Capablanca Mem Open"]
[Site "Havana CUB"]
[Date "2010.06.10"]
[Round "1"]
[White "Olivera Medrano,J"]
[Black "Campos Vila,M"]
[Result "0-1"]
[WhiteElo "2396"]
[BlackElo "2178"]

1.d4 Nf6 2.Bg5 Ne4 3.Bf4 c5 4.f3 Nf6 5.d5 d6 6.Qd2 g6 7.Nc3 Bg7 8.e4 O-O
9.h4 Nh5 10.Bh2 f5 11.exf5 gxf5 12.O-O-O f4 13.Nge2 Qa5 14.Kb1 Na6 15.Rg1 b5
16.Bxf4 Nxf4 17.Nxf4 Nb4 18.a3 Nxc2 19.Kxc2 b4 20.Ne4 b3+ 21.Kc1 Qxd2+ 22.Nxd2 Rxf4
23.g3 Rf7 24.Bc4 Rb8 25.f4 a5 26.Ne4 h6 27.Rge1 Bf5 28.Nf2 Bd4 29.Re2 Rg7
30.Bd3 Bd7 31.g4 Rf8 32.f5 Bxf2 33.Rxf2 Rxg4 34.Re1 Rf7 35.Re4 Rg3 36.Be2 Bxf5
37.Ra4 Rg1+ 38.Kd2 Rb1 39.Rxa5 Rxb2+ 40.Kc3 Ra2 41.Ra8+ Kg7 42.Rg2+ Kf6 43.Kxb3 Rd2
44.Rh8 Ke5 45.a4 Be4 46.Rh2 Kd4 47.a5 Bd3 48.Bxd3 Rxh2 49.Ba6 Rf3+ 50.Ka4 Rb2  0-1

[Event "4th Open"]
[Site "Varna BUL"]
[Date "2010.06.13"]
[Round "2"]
[White "Chakov,P"]
[Black "Lewicki,M"]
[Result "0-1"]
[WhiteElo "2364"]
[BlackElo "2094"]

1.d4 Nf6 2.Bg5 Ne4 3.h4 c5 4.d5 Qb6 5.Nd2 Nxg5 6.hxg5 Qxb2 7.e4 g6 8.Rb1 Qxa2
9.Nc4 Bg7 10.Rh3 b5 11.Ra3 Bc3+ 12.Rxc3 bxc4 13.Bxc4 Qa5 14.Ne2 d6 15.Ra1 Qc7
16.Bb5+ Bd7 17.Rb3 Bxb5 18.Rxb5 Qd7 19.Qb1 O-O 20.f3 a6 21.Rb6 f6 22.gxf6 exf6
23.Nf4 Qe7 24.Ne6 Rc8 25.Rb7 Nd7 26.Qa2 Rcb8 27.Rab1 Rxb7 28.Rxb7 Rb8 29.Ra7 f5
30.Ke2 fxe4 31.Qa4 exf3+ 32.gxf3 Nb6 33.Qxa6 Qf6 34.Rg7+ Kh8 35.Qa7 Qe5+
36.Kf1 Nd7 37.Qa2 Nf8 38.Rf7 Nxe6 39.dxe6 d5 40.e7 Kg8 41.Rf8+ Rxf8 42.exf8=Q+ Kxf8
43.Qa8+ Kf7 44.Qb7+ Kf6 45.Qa7 Qh5 46.Qd7 Qxf3+ 47.Ke1 Qf5 48.Qd8+ Ke5  0-1

[Event "45th Capablanca Mem Open"]
[Site "Havana CUB"]
[Date "2010.06.14"]
[Round "5"]
[White "Olivera Medrano,J"]
[Black "Pulvett,D"]
[Result "1-0"]
[WhiteElo "2396"]
[BlackElo "2243"]

1.d4 Nf6 2.Bg5 Ne4 3.Bf4 c5 4.f3 Qa5+ 5.c3 Nf6 6.d5 d6 7.e4 h6 8.Na3 g5 9.Be3 Nbd7
10.Nc4 Qc7 11.a4 b6 12.Qb3 a6 13.Ne2 e6 14.Rd1 exd5 15.exd5 Bb7 16.Na3 O-O-O
17.Ng3 Re8 18.Kf2 Re5 19.c4 Bg7 20.Bd3 Rhe8 21.Bd2 Bh8 22.Bc3 Nf8 23.Bxe5 Rxe5
24.Rhe1 N6d7 25.Nf5 h5 26.h4 gxh4 27.f4 Rxe1 28.Rxe1 Kb8 29.Re8+ Ka7 30.Nc2 Ng6
31.Nxh4 Nxh4 32.Rxh8 Nf6 33.Kg3 Qe7 34.Qc3 Ng6 35.Bxg6 fxg6 36.Qe3 Qg7 37.Rd8 Qc7
38.Re8 Nxe8 39.Qxe8 Qg7 40.Ne3 g5 41.Qxh5 gxf4+ 42.Kxf4 Qxb2 43.g4 Qd4+ 44.Kf3 b5
45.axb5 axb5 46.cxb5 c4 47.Qh7 c3 48.Qc7 Qd2 49.Qxd6 c2 50.b6+ Ka6 51.Qa3+ Kb5
52.Qb3+ Kc5 53.Qxc2+ Qxc2 54.Nxc2 Bxd5+ 55.Kf4 Kxb6 56.Ke5 Bf3 57.g5 Bh5
58.Kd6 Kb7 59.Nd4 Kc8 60.Ne6 Bg6 61.Ke7 Bh7 62.Kf6 Bg8 63.g6 Kd7 64.Nf4 Ke8
65.Ne6 Kd7 66.Ng5 Ke8 67.g7 Kd7 68.Ne4 Ke8 69.Nd6+ Kd7 70.Nf5 Ke8 71.Ne7 Bf7
72.Nf5 Bg8 73.Nh6 Bb3 74.Kg6 Bc2+ 75.Kf6 Bb3 76.Ng4 Bf7 77.Ne5 Bg8 78.Nd3 Bf7
79.Nf4 Bg8 80.Nh5 Bf7 81.Ng3 Bg8 82.Nf5 Kd7 83.Nh6 Bh7 84.Kf7 Kd6 85.Ng4 Bf5
86.Kf8 Be6 87.Nh6  1-0

[Event "14th FIDE Open"]
[Site "Voronezh RUS"]
[Date "2010.06.18"]
[Round "6"]
[White "Provkin,V"]
[Black "Gataullin,A"]
[Result "1-0"]
[WhiteElo "2204"]
[BlackElo "2050"]

1.d4 Nf6 2.Bg5 Ne4 3.Bh4 c5 4.f3 Nd6 5.dxc5 Qa5+ 6.Qd2 Qxc5 7.e4 Nc6 8.Bf2 Qh5
9.g4 Qe5 10.Nc3 e6 11.f4 Qa5 12.e5 Nxe5 13.fxe5 Qxe5+ 14.Qe3 Qa5 15.Qd4 a6
16.Bg2 f6 17.Ne2 Be7 18.Qc5 Nb5 19.Qh5+ g6 20.Qh6 Nxc3 21.bxc3 Kf7 22.O-O Bf8
23.Qh4 Kg7 24.Bd4  1-0

[Event "14th FIDE Open"]
[Site "Voronezh RUS"]
[Date "2010.06.20"]
[Round "8"]
[White "Lopukhin,A"]
[Black "Zakhartsov,Vl"]
[Result "1-0"]
[WhiteElo "2283"]
[BlackElo "2048"]

1.d4 Nf6 2.Bg5 Ne4 3.Bf4 d5 4.Nd2 Bf5 5.e3 e6 6.Bd3 Nxd2 7.Qxd2 Bxd3 8.Qxd3 Nd7
9.Nf3 c5 10.O-O Be7 11.a4 O-O 12.a5 c4 13.Qe2 b5 14.axb6 axb6 15.e4 Nf6 16.exd5 Qxd5
17.c3 b5 18.Bg5 Rxa1 19.Rxa1 Ra8 20.Qe1 h6 21.Bxf6 Bxf6 22.Nd2 Qb7 23.Kf1 Qb8
24.Rxa8 Qxa8 25.Qb1 Qa4 26.Ke2 b4 27.Qe4 Qa2 28.Qb1 b3 29.g3 g5 30.Qc1 Qa4
31.Qh1 Qb5 32.Qe4 Qd5 33.f3 Qa5 34.Qc6 Qa1 35.Qxc4 Qh1 36.Qxb3 Qxh2+ 37.Kd3 Qxg3
38.Qd1 h5 39.Ne4 Qf4 40.Nxf6+ Qxf6 41.c4 Qf5+ 42.Kc3 g4 43.fxg4 hxg4 44.Qd3 Qg5
45.Kc2 Qf4 46.d5 Qf2+ 47.Kb3 exd5 48.cxd5 Qb6+ 49.Kc4 Qxb2 50.d6 Qa2+ 51.Kc5 Qa5+
52.Kc6 Qa8+ 53.Kc7 Qa7+ 54.Kc8 Qc5+ 55.Kb7 Qb4+ 56.Kc6 Qa4+ 57.Qb5 Qc2+ 58.Kb7 Kf8
59.Qe5 Qb3+ 60.Kc7  1-0

[Event "Scheveningen"]
[Site "Kefar Sava ISR"]
[Date "2010.06.23"]
[Round "4"]
[White "Arlinsky,U"]
[Black "Efroimski,M"]
[Result "0-1"]
[WhiteElo "2293"]
[BlackElo "2170"]

1.d4 Nf6 2.Bg5 Ne4 3.Bf4 d5 4.e3 c5 5.c3 Qb6 6.Qb3 c4 7.Qxb6 axb6 8.f3 Nf6
9.Na3 Bd7 10.e4 b5 11.e5 Nh5 12.Bd2 g6 13.Nc2 Nc6 14.Be2 e6 15.Nh3 Be7 16.O-O O-O
17.a3 Na5 18.Rae1 Nb3 19.Bh6 Ng7 20.Bd1 Rfc8 21.Ne3 Na5 22.Bc2 Nc6 23.Ng4 Ne8
24.f4 Nd8 25.Bg5 Bf8 26.Nf6+ Nxf6 27.Bxf6 h5 28.Nf2 Bg7 29.Bh4 b4 30.axb4 Ra2
31.Rb1 Nc6 32.h3 Bh6 33.Nd1 Na7 34.Ne3 Nb5 35.g4 hxg4 36.hxg4 Kf8 37.Kg2 Ke8
38.Bf6 Bc6 39.Kf3 Bf8 40.Rh1 Bxb4 41.cxb4 Nxd4+ 42.Kf2 c3 43.Bd3 Bb5 44.Bxb5+ Nxb5
45.Rh8+ Kd7 46.Rxc8 Rxb2+ 47.Kg3 Kxc8 48.Rc1 d4 49.Nc4 Rxb4 50.Nd6+ Kd7 51.Nxb7 Kc6
52.Nd6 Rb3 53.Kf3 c2+ 54.Kf2 d3 55.Nxb5 Rb1 56.Nd4+ Kd5 57.Nxc2 Rxc1 58.Ne3+ Ke4
59.Nf1 Rc2+ 60.Ke1 Kxf4 61.g5 Ra2 62.Be7 Re2+ 63.Kd1 Kxe5 64.Bb4 Ra2 65.Ke1 Re2+
66.Kd1 Rg2 67.Bd2 Ke4 68.Ke1 Kf3  0-1

[Event "1st Open"]
[Site "Marrakesh MAR"]
[Date "2010.06.26"]
[Round "2"]
[White "Ouakhir,M"]
[Black "Kunin,V"]
[Result "1-0"]
[WhiteElo "2237"]
[BlackElo "2535"]

1.d4 Nf6 2.Bg5 Ne4 3.h4 c5 4.d5 Qb6 5.Nd2 Nxd2 6.Bxd2 Qxb2 7.Rh3 d6 8.Bc3 Qb6
9.Rg3 Bf5 10.Rb1 Qc7 11.h5 e5 12.dxe6 fxe6 13.e4 Bxe4 14.Re3 d5 15.Qg4 Nc6
16.Qxe6+ Be7 17.h6 g6 18.Bxh8 Nd4 19.Bb5+ Nxb5 20.Rxb5 a6 21.Be5 Qc6 22.Qxc6+ bxc6
23.Rb7 c4 24.f3 Bc5 25.Re2 Bd3 26.cxd3 cxd3 27.Bd4+ dxe2 28.Bxc5 O-O-O 29.Rf7 d4
30.Rf8 Rxf8 31.Bxf8 d3 32.Nh3 Kd7 33.Nf4 Ke8 34.Bc5  1-0

[Event "XXXIII Open"]
[Site "Barbera del Valles ESP"]
[Date "2010.07.05"]
[Round "2"]
[White "Ipatov,A ESP"]
[Black "Vehi Bach,V"]
[Result "1-0"]
[WhiteElo "2507"]
[BlackElo "2405"]

1.d4 Nf6 2.Bg5 Ne4 3.Bf4 c5 4.f3 Qa5+ 5.c3 Nf6 6.d5 e6 7.e4 exd5 8.exd5 d6
9.Qd2 Be7 10.c4 Qxd2+ 11.Kxd2 Nh5 12.Be3 f5 13.Nh3 O-O 14.g3 Nd7 15.Nc3 Ne5
16.Be2 Bd7 17.a4 h6 18.Rhf1 Kh7 19.Ra3 g6 20.a5 Ng7 21.Bg1 g5 22.f4 Ng6 23.Be3 g4
24.Nf2 Bf6 25.Rb1 Rfe8 26.Ncd1 h5 27.b4 b6 28.bxc5 bxc5 29.Rb7 Bc8 30.Rc7 Re7
31.Rxe7 Bxe7 32.Kc2 Rb8 33.Bd2 h4 34.Re3 Bf6 35.Bc3 Bxc3 36.Nxc3 a6 37.Na4 Bd7
38.Nb6 Be8 39.Nxg4 fxg4 40.Bxg4 hxg3 41.hxg3 Rb7 42.Bc8 Ra7 43.f5 Ne5 44.Rxe5 dxe5
45.g4 Kh6 46.d6 Kg5 47.d7 Bxd7 48.Bxd7 Rb7 49.Kd3 Rb8 50.Ke4 Rh8 51.Kxe5 Rh1
52.Nd5 Ne8 53.Bxe8 Re1+ 54.Kd6 Rxe8 55.f6 Kg6 56.Kxc5 Rc8+ 57.Kd4 Kf7 58.c5 Ke6
59.Nb6 Rg8 60.f7 Rxg4+ 61.Ke3 Kxf7 62.c6 Rg3+ 63.Kd4 Rg4+ 64.Kd5 Rg5+ 65.Kd6  1-0

[Event "38th TCh-GRE DivA"]
[Site "Peristeri GRE"]
[Date "2010.07.05"]
[Round "1"]
[White "Tsironis,L"]
[Black "Pavlidou,E"]
[Result "0-1"]
[WhiteElo "1786"]
[BlackElo "2182"]

1.d4 Nf6 2.Bg5 Ne4 3.Bh4 c5 4.e3 d5 5.Nd2 g6 6.c3 cxd4 7.exd4 Nd6 8.Bd3 Bf5
9.Be2 Bg7 10.Bg3 O-O 11.Qb3 Nc6 12.Qxd5 Bxd4 13.Bxd6 exd6 14.Ngf3 Be6 15.Qb5 Bc5
16.O-O Re8 17.Rfe1 a6 18.Qa4 b5 19.Qf4 Bf5 20.Nb3 Bb6 21.Rad1 d5 22.Nbd4 Nxd4
23.Nxd4 Bc7 24.Qd2 Qd6 25.g3 Be6 26.Bf3 Rad8 27.Nc2 Bb6 28.Nb4 d4 29.Nc2 d3
30.Nb4 a5 31.Nxd3 Bc4 32.Rxe8+ Rxe8 33.Qf4 Qxf4 34.Nxf4 Bxa2 35.Bc6 Re5 36.Nd3 Re2
37.Bxb5 Bb3 38.Rf1 Rd2 39.Re1 Be6 40.Kf1  0-1

[Event "ch-NOR"]
[Site "Fredrikstad NOR"]
[Date "2010.07.06"]
[Round "5"]
[White "Kovachev,D"]
[Black "Thomassen,J"]
[Result "0-1"]
[WhiteElo "2312"]
[BlackElo "2364"]

1.d4 Nf6 2.Bg5 Ne4 3.Bf4 d5 4.e3 c5 5.Bd3 Nc6 6.Bxe4 dxe4 7.d5 e5 8.Bg3 Ne7
9.Nc3 f6 10.Qd2 Bf5 11.f3 h5 12.h3 Qd7 13.a4 Bg6 14.f4 Rd8 15.fxe5 Nxd5 16.Nxd5 Qxd5
17.Qxd5 Rxd5 18.exf6 gxf6 19.Ne2 Rd7 20.h4 Bg7 21.Rd1 f5 22.Kf2 Bf7 23.Rxd7 Kxd7
24.Rd1+ Kc8 25.b3 Bf6 26.Kf1 Rd8 27.Rxd8+ Kxd8 28.Be1 c4 29.b4 Be8 30.a5 Ba4
31.c3 Bd1 32.Nf4 Kd7 33.g3 Kc6 34.Bd2 Kb5 35.Ne2 Ka4  0-1

[Event "Heart of Finland"]
[Site "Jyvaskyla FIN"]
[Date "2010.07.06"]
[Round "2"]
[White "Alho,S"]
[Black "Solozhenkin,E"]
[Result "0-1"]
[WhiteElo "2171"]
[BlackElo "2500"]

1.d4 Nf6 2.Bg5 Ne4 3.Bf4 c5 4.f3 Qa5+ 5.c3 Nf6 6.d5 Qb6 7.Bc1 e6 8.e4 exd5
9.exd5 Bd6 10.Na3 O-O 11.Bd3 Re8+ 12.Ne2 Bf8 13.Nc4 Qd8 14.a4 d6 15.O-O h6
16.Bc2 Na6 17.Ng3 Nc7 18.Ne3 b6 19.Qd3 g6 20.Bd2 Bg7 21.Rae1 h5 22.Ne2 Nfxd5
23.Nxd5 Bf5 24.Qc4 Bxc2 25.Bg5 Qxg5 26.Nxc7 d5 27.Qf4 Qxf4 28.Nxf4 Rxe1 29.Rxe1 Rd8
30.Ncxd5 Bxa4 31.h4 Kf8 32.Ra1 Bb3 33.Nc7 Be5  0-1

[Event "ch-Paris Int"]
[Site "Paris FRA"]
[Date "2010.07.06"]
[Round "4"]
[White "Den Heeten,D"]
[Black "Cori,J"]
[Result "1-0"]
[WhiteElo "2328"]
[BlackElo "2486"]

1.d4 Nf6 2.Bg5 Ne4 3.Bh4 d5 4.f3 Nd6 5.Nd2 g6 6.c3 Bg7 7.e4 O-O 8.Qc2 b6
9.O-O-O dxe4 10.Nxe4 Bb7 11.Bd3 Nd7 12.Nh3 Nf5 13.Bf2 e5 14.dxe5 Nxe5 15.Bb5 Qc8
16.f4 a6 17.Be2 Nd7 18.Rhe1 Re8 19.Bc4 Rxe4 20.Rxe4 Bxe4 21.Qxe4 Nf6 22.Bxf7+ Kf8
23.Qb4+ c5 24.Qb3 Bh6 25.Kb1 Qc6 26.g4 Qe4+ 27.Ka1 Ne7 28.g5 Ng4 29.gxh6 Qf3
30.Ng5 c4 31.Bxc4 Qxf4 32.Ne6+  1-0

[Event "XXXIII Open"]
[Site "Barbera del Valles ESP"]
[Date "2010.07.07"]
[Round "4"]
[White "Ipatov,A ESP"]
[Black "Iturrizaga,E"]
[Result "1/2-1/2"]
[WhiteElo "2507"]
[BlackElo "2614"]

1.d4 Nf6 2.Bg5 Ne4 3.Bf4 c5 4.f3 Qa5+ 5.c3 Nf6 6.Nd2 cxd4 7.Nb3 Qf5 8.Bxb8 Rxb8
9.Qxd4 b6 10.e4 Qf4 11.Nh3 Qc7 12.e5 Ng8 13.O-O-O e6 14.f4 Ne7 15.Bd3 Bb7
16.Qf2 g6 17.Ng5 Bg7 18.Nd4 Qc5 19.h4 f6 20.exf6 Bxf6 21.Bb5 Bxd4 22.Qxd4 Qxd4
23.Rxd4 Bc6 24.Bxc6 Nxc6 25.Rd6 Rc8 26.h5 Ke7 27.Rhd1 Rc7 28.h6 Rf8 29.g3 Nd8
30.R6d2 Rf5 31.Nxh7 Rh5 32.g4 Rxh6 33.Nf6 Rh4 34.Nxd7 Nc6 35.Kb1  1/2-1/2

[Event "Canadian Open"]
[Site "Toronto CAN"]
[Date "2010.07.10"]
[Round "1"]
[White "Walton,A"]
[Black "Henry,Lia"]
[Result "1-0"]
[WhiteElo "2147"]
[BlackElo "2187"]

1.d4 Nf6 2.Bg5 Ne4 3.Bf4 c5 4.f3 Qa5+ 5.c3 Nf6 6.Nd2 cxd4 7.Nb3 Qf5 8.Bxb8 Rxb8
9.Qxd4 b6 10.e4 Qf4 11.Nh3 Qc7 12.e5 Ng8 13.Nf4 e6 14.Nh5 g6 15.Ng3 Bg7 16.f4 Bb7
17.Rd1 f6 18.Bb5 Rd8 19.O-O fxe5 20.fxe5 Bxe5 21.Qg4 Ke7 22.Qb4+ d6 23.Rde1 Bxg3
24.Rxe6+ Kxe6 25.Qg4+  1-0

[Event "ch-SUI"]
[Site "Lenzerheide SUI"]
[Date "2010.07.12"]
[Round "5"]
[White "Gallagher,Jo"]
[Black "Zueger,B"]
[Result "1/2-1/2"]
[WhiteElo "2499"]
[BlackElo "2404"]

1.d4 Nf6 2.Bg5 Ne4 3.Bf4 c5 4.f3 Nf6 5.dxc5 e6 6.Bd6 b6 7.Nc3 bxc5 8.e4 Bxd6
9.Qxd6 Qb6 10.Nb5 Qxd6 11.Nxd6+ Ke7 12.e5 Nd5 13.O-O-O Nc6 14.Re1 f6 15.c4 Nb6
16.f4 fxe5 17.fxe5 Ba6 18.Nf3 Rhf8 19.b3 Nxe5 20.Rxe5 Kxd6 21.Rg5 g6 22.Bd3 Bb7
23.Rd1 Bxf3 24.gxf3 Kc6 25.Be4+ d5 26.cxd5+ exd5 27.Bxd5+  1/2-1/2

[Event "Open A"]
[Site "Oberwart AUT"]
[Date "2010.07.14"]
[Round "2"]
[White "Mihok,L"]
[Black "Schellmann,David"]
[Result "1/2-1/2"]
[WhiteElo "2208"]
[BlackElo "1953"]

1.d4 Nf6 2.Bg5 Ne4 3.Bf4 c5 4.f3 Qa5+ 5.c3 Nf6 6.Nd2 cxd4 7.Nc4 Qf5 8.Bxb8 Rxb8
9.Qxd4 b6 10.e4 Qc5 11.Qd2 Bb7 12.Nh3 d5 13.exd5 Nxd5 14.Nf4 e6 15.Nxd5 Bxd5
16.Ne3 Bc6 17.Rd1 Be7 18.b4 Qe5 19.Qd4 Bh4+ 20.Ke2 Qxd4 21.Rxd4 Bf6 22.Rd3 a5
23.a3 axb4 24.axb4 Ra8 25.Rd6 Rc8 26.Nd1 Ke7 27.Rd2 Bb5+ 28.Kf2 Bxf1 29.Rxf1 Bxc3
30.Nxc3 Rxc3 31.Ra1 Rc4 32.Ra7+ Kf6 33.Rdd7 Rf8 34.g4 Rxb4 35.Rdb7 Rb2+ 36.Kg3 Rb1
37.h4 g6 38.g5+ Kg7 39.Ra6 b5 40.Rxe6 b4 41.Reb6 b3 42.Rxb3 Rh8  1/2-1/2

[Event "3rd Open"]
[Site "Paracin SRB"]
[Date "2010.07.14"]
[Round "7"]
[White "Adnoy,H"]
[Black "Milenkovic,M"]
[Result "0-1"]
[WhiteElo "2275"]
[BlackElo "2380"]

1.d4 Nf6 2.Bg5 Ne4 3.Bf4 c5 4.f3 Nf6 5.d5 Qb6 6.e4 g6 7.Nd2 d6 8.Nc4 Qd8
9.a4 Bg7 10.Qd2 h5 11.Ne2 Na6 12.Nc3 Nb4 13.Nb5 O-O 14.c3 Na6 15.Be2 Nc7
16.O-O b6 17.Kh1 Bd7 18.Nxc7 Qxc7 19.Rfe1 a6 20.a5 b5 21.Nb6 Rad8 22.b4 c4
23.Bf1 Qb7 24.Rad1 Rfe8 25.Bh6 Bh8 26.h3 Kh7 27.Bg5 Bc8 28.Qf4 Kg8 29.g4 hxg4
30.hxg4 Nh7 31.Rc1 Be5 32.Qe3 Nxg5 33.Qxg5 Kg7 34.Qe3 Rh8+ 35.Kg1 Rh4 36.Rc2 f6
37.g5 Rdh8 38.Rg2 Bh3 39.gxf6+ exf6 40.Ree2 Bf4 41.Qd4 Qe7 42.Kf2 Bxg2 43.Bxg2 Qe5
44.Qxe5 Bxe5 45.Rc2 Bf4 46.Re2 Kf7 47.Kf1 Ke7 48.Kf2 Kd8 49.Rc2 Rh2 50.Kf1 R8h5  0-1

[Event "ZDMI Open"]
[Site "Dresden GER"]
[Date "2010.07.15"]
[Round "6"]
[White "Ciara,D"]
[Black "Seres,L"]
[Result "1/2-1/2"]
[WhiteElo "1990"]
[BlackElo "2460"]

1.d4 Nf6 2.Bg5 Ne4 3.Bf4 c5 4.f3 Nf6 5.d5 d6 6.e4 e5 7.Be3 Be7 8.c4 O-O 9.Nc3 Na6
10.Bd3 Bd7 11.Nge2 Nh5 12.Qd2 h6 13.g4 Bh4+ 14.Kd1 Nf6 15.Ng3 Nh7 16.Nf5 Bxf5
17.exf5 Ng5 18.Ke2 Nc7 19.Ne4 Nh3 20.Kf1 b5 21.b3 Bg5 22.Nxg5 hxg5 23.Kg2 Nf4+
24.Bxf4 gxf4 25.h4  1/2-1/2

[Event "I Open"]
[Site "Girona ESP"]
[Date "2010.07.15"]
[Round "3"]
[White "Mundet Riera,Jo"]
[Black "Gallegos Saliner,J"]
[Result "0-1"]
[WhiteElo "1893"]
[BlackElo "1560"]

1.d4 Nf6 2.Bg5 Ne4 3.Bf4 c5 4.f3 Qa5+ 5.c3 Nf6 6.Nd2 cxd4 7.Nb3 Qb6 8.Qxd4 Nc6
9.Qxb6 axb6 10.e4 d6 11.Be3 Be6 12.Nd4 Rxa2 13.Rxa2 Bxa2 14.Nxc6 bxc6 15.Bxb6 g6
16.Ne2 Bg7 17.Nd4 Kd7 18.b4 Rb8 19.Ba5 e5 20.Nc2 d5 21.Bd3 Nh5 22.g3 Ke6
23.Ke2 f5 24.Ra1 dxe4 25.fxe4 fxe4 26.Rxa2 exd3+ 27.Kxd3 Rf8 28.Ne3 Nf6 29.Rf2 Rf7
30.Rf1 Rd7+ 31.Kc2 Ne4 32.Rd1 Rxd1 33.Nxd1 Nd6  0-1